=LDR 00000nam 2200000 4500 =001 INLIS000000000038536 =005 20140710121505.0 =006 =007 =008 Ind =035 ##$$a 0010-061300000038536 =041 ##$$a Ind =082 ##$$a 641.8 =090 ##$$a 641.8, Erw a =100 ##$$a Erwin, Lilly T =245 ##$$a Aroma rasa kuliner Indonesia jajanan Gurih, Lilly T. Erwin; Editor, Intarina Hardiman =260 ##$$a [20 -?] $b Jakarta =300 ##$$a 56 hlm, Ilus, 21 cm =650 ##$$a Kue - Resep =700 ##$$a Hardiman, Intarina =850 ##$$a NBPNMAT